000 00290nam a22001337a 4500
008 190227b xxu||||| |||| 00| 0 eng d
020 _a9780536123954
041 _aeng
080 _a371
100 _a25
101 _aEDU
245 _aThe Curious Writer
_cBallenger, B
942 _2udc
_cBK
999 _c54363
_d54363